Moldavská jaskyňa v zrkadle dejín

Podrobná bibliografia
Médium: Článok
Jazyk:Slovak
Témy:
On-line prístup:http://www.ssj.sk/edicna-cinnost/aragonit/13-1/
Zdroj: 1. Aragonit 1. Roč. 13, č. 1 (2008), s. 57-58 1. 1335-213X
LEADER 01037nab#a2200373#ar4500
001 000108092
003 SVKKK
005 20120514111734.0
008 110126c2008 xo |||||||||||||||b|slo
FMT
015 |a SNBRB2012/05 
038 |a SVKKK 
040 |a SVKKK  |b slo  |e AACR2 
041 0 |a slo 
044 |a xo  |c SK 
080 |a 551.44  |x (437.6)  |2 1997 
080 |a 82-95  |2 1997 
100 1 |a Lalkovič, Marcel  |4 rev 
245 1 0 |a Moldavská jaskyňa v zrkadle dejín  |c Marcel Lalkovič 
246 3 1 |a Moldavská cave in the mirror of history 
300 |b Obr. 
650 0 4 |a speleológia 
650 0 4 |a jaskyne  |z Moldava (Slovensko) 
655 # 4 |a recenzie 
773 0 |t Aragonit  |g Roč. 13, č. 1 (2008), s. 57-58  |x 1335-213X 
787 0 8 |i Rec.:  |a Soják, Marián  |t Moldavská jaskyňa v zrkadle dejín  |d Moldava : Mestský úrad, 2007  |z 9788096976690 
958 |a RC 
974 |a MI 
992 |a RBX 
BAS
852 |a SVKKK  |b BIB 
856 4 |u http://www.ssj.sk/edicna-cinnost/aragonit/13-1/ 
EXP
998 |a SLO